Participación ciudadana en el debate de sanción de las leyes : (Registro nro. 6119)
[ vista simple ]
| 000 -LEADER | |
|---|---|
| fixed length control field | 01042nabaa22002177a 4500 |
| 003 - CONTROL NUMBER IDENTIFIER | |
| control field | OSt |
| 005 - DATE AND TIME OF LATEST TRANSACTION | |
| control field | 20260122204002.0 |
| 008 - FIXED-LENGTH DATA ELEMENTS--GENERAL INFORMATION | |
| fixed length control field | 190701b xxu||||| |||| 00| 0 spa d |
| 040 ## - CATALOGING SOURCE | |
| Transcribing agency | PJ |
| 100 ## - MAIN ENTRY--PERSONAL NAME | |
| 9 (RLIN) | 6885 |
| Personal name | Piscitello, Mercedes |
| 245 10 - TITLE STATEMENT | |
| Title | Participación ciudadana en el debate de sanción de las leyes : |
| Statement of responsibility, etc | modalidades habilitadas. Nuevas prácticas. Necesidad de fortalecimiento / |
| Remainder of title | Mercedes Piscitello. |
| 300 ## - PHYSICAL DESCRIPTION | |
| Extent | p. 36-45 |
| 505 ## - FORMATTED CONTENTS NOTE | |
| Formatted contents note | Sumario: I. Resumen.— II. La iniciativa popular.— III. Presentaciones de particulares. Derecho a peticionar.— IV. Las reuniones informativas.— V. Conclusiones.— VI. Bibliografía. |
| 505 ## - FORMATTED CONTENTS NOTE | |
| Title | ¿Te interesa el texto completo? Comunicate al correo: koha@justierradelfuego.gov.ar |
| 650 #0 - SUBJECT ADDED ENTRY--TOPICAL TERM | |
| 9 (RLIN) | 211 |
| Topical term or geographic name as entry element | DERECHO ADMINISTRATIVO |
| 650 #0 - SUBJECT ADDED ENTRY--TOPICAL TERM | |
| 9 (RLIN) | 3535 |
| Topical term or geographic name as entry element | LEYES |
| 650 #0 - SUBJECT ADDED ENTRY--TOPICAL TERM | |
| 9 (RLIN) | 1200 |
| Topical term or geographic name as entry element | PARTICIPACION CIUDADANA |
| 650 #0 - SUBJECT ADDED ENTRY--TOPICAL TERM | |
| 9 (RLIN) | 6258 |
| Topical term or geographic name as entry element | DERECHO DE PETICIONAR |
| 773 0# - HOST ITEM ENTRY | |
| Host Biblionumber | 2842 |
| Host Itemnumber | 3251 |
| Place, publisher, and date of publication | Buenos Aires : AbeledoPerrot, 2012- |
| Other item identifier | DA121 |
| Title | Derecho administrativo. Nº 147 mayo/junio 2023 |
| International Standard Book Number | 18510590 |
| 942 ## - ADDED ENTRY ELEMENTS (KOHA) | |
| Source of classification or shelving scheme | |
| Koha item type | Analítica Artículo de Revista |
No hay ítems disponibles.
